| 000 | 00858nam a22002177a 4500 | ||
|---|---|---|---|
| 999 |
_c161937 _d161937 |
||
| 005 | 20190807163204.0 | ||
| 010 | _a1819CHEN B-717348-368 | ||
| 020 |
_a9788187107460 _c595.00 |
||
| 035 | _aB-717348-368 | ||
| 035 | _aB-728535 | ||
| 037 | _bPragati Publications | ||
| 082 | _a230.1 | ||
| 245 | _aThree hundred sixty five (365) tales from Indian mythology | ||
| 260 |
_c2018(repr.) _aNew Delhi _bOm Books International |
||
| 270 |
_a107, Ansari Road, Darya Ganj _bNew Delhi _e110002 _k40009000 |
||
| 300 |
_a235p.: _bcol. ill. _c27cm(Hb) |
||
| 500 | _aAirport | ||
| 942 |
_2ddc _cCH _h230.1 _mTHR |
||